American, British and Slovak studies I

Enregistré dans:
Détails bibliographiques
Auteur principal: Hrdličková, Zuzana
Collectivité auteur: Ekonomická univerzita v Bratislave. Fakulta aplikovaných jazykov
Autres auteurs: Šajgalíková, Helena, Bilá, Magdaléna
Format: Livre
Langue:anglais
Publié: Bratislava Vydavateľstvo EKONÓM 2017
Édition:1. vyd.
Sujets:
Tags: Ajouter un tag
Pas de tags, Soyez le premier à ajouter un tag!

MARC

LEADER 00000nam a2200000 4500
001 0237531
005 20240502073833.3
020 |a 978-80-225-4442-9 
041 0 |a eng 
044 |a SK 
245 1 0 |a American, British and Slovak studies I  |c Zuzana Hrdličková ; odborne posúdili: Helena Šajgalíková, Magdaléna Bilá 
250 |a 1. vyd. 
264 1 |a Bratislava  |b Vydavateľstvo EKONÓM  |c 2017 
300 |a 170 s. [13,14 AH] 
610 2 0 |a USA 
610 2 0 |a Veľká Británia 
610 2 0 |a Slovensko 
610 2 0 |a história 
610 2 0 |a dejiny 
610 2 0 |a reálie 
610 2 0 |a prezidenti 
100 1 |a Hrdličková, Zuzana 
700 1 |a Šajgalíková, Helena 
700 1 |a Bilá, Magdaléna 
710 2 |a Ekonomická univerzita v Bratislave. Fakulta aplikovaných jazykov